LEADER 01214cam0-2200337---450- 001 990004288820403321 005 20080128151409.0 010 $a3-416-2179-7$z3-416-2179-7 035 $a000428882 035 $aFED01000428882 035 $a(Aleph)000428882FED01 035 $a000428882 100 $a19990604d1989----km-y0itay50------ba 101 0 $ager 102 $aDE 105 $ay-------001yy 200 1 $aSpekulative Begründung und inhaltliche Erkenntnis in der praktischen Philosophie Hegels$eUntersuchungen zur Jenaer Philosophie des Geistes, zu ihrer Methode und Entwicklung$fvon Rainer Adolphi 210 $aBonn$cBouvier$d1989 215 $a458 p.$d22 cm 225 1 $aAbhandlungen zur Philosophie, Psychologie und Padagogik$v216 610 0 $aHegel, Georg Wilhelm Friedrich$aOpere giovanili 676 $a193 700 1$aAdolphi,$bRainer$0170222 801 0$aIT$bUNINA$gRICA$2UNIMARC 901 $aBK 912 $a990004288820403321 952 $aP.1 8D HEGEL/S 68$b15372 BIBL.$fFLFBC 952 $aP.1 8D HEGEL/S 68 BIS$b12089 Bibl.$fFLFBC 959 $aFLFBC 996 $aSpekulative Begründung und inhaltliche Erkenntnis in der praktischen Philosophie Hegels$9489559 997 $aUNINA LEADER 03045nam 22005771 450 001 9910964399103321 005 20200514202323.0 010 $a9781509929740 010 $a1509929746 010 $a9781474202626 010 $a1474202624 024 7 $a10.5040/9781474202626 035 $a(CKB)3710000000960089 035 $a(MiAaPQ)EBC4751474 035 $a(OCoLC)956947855 035 $a(UtOrBLW)bpp09261925 035 $a(UtOrBLW)BP9781474202626BC 035 $a(Perlego)808893 035 $a(EXLCZ)993710000000960089 100 $a20180619d2016 uy 0 101 0 $aeng 135 $aurcnu|||||||| 181 $2rdacontent 182 $2rdamedia 183 $2rdacarrier 200 10$aPrivate law and the value of choice /$fEmmanuel Voyiakis 210 1$aOxford [UK] ;$aPortland, Oregon :$cHart Publishing,$d2016. 215 $a1 online resource (267 pages) 225 0 $aLaw and practical reason ;$vv. 8 311 08$a9781509902835 311 08$a150990283X 311 08$a9781841138862 311 08$a184113886X 320 $aIncludes bibliographical references and index. 327 $aPrivate law and the burden of repair -- Responsibility, but the right kind -- Choice and responsibility -- Protection against the burden of repair -- Avoidability -- Contracts and the social structure -- Vicarious liability. 330 8 $aSome say that private law ought to correct wrongs or to protect rights. Others say that private law ought to maximise social welfare or to minimise social cost. In this book, Emmanuel Voyiakis claims that private law ought to make our responsibilities to others depend on the opportunities we have to affect how things will go for us. Drawing on the work of HLA Hart and TM Scanlon, he argues that private law principles that require us to bear certain practical burdens in our relations with others are justified as long as those principles provide us with certain opportunities to choose what will happen to us, and having those opportunities is something we have reason to value. The book contrasts this 'value-of-choice' account with its wrong- and social cost-based rivals, and applies it to familiar problems of contract and tort law, including whether liability should be negligence-based or stricter; whether insurance should matter in the allocation of the burden of repair; how far private law should make allowance for persons of limited capacities; when a contract term counts as 'unconscionable' or 'unfair'; and when tort law should hold a person vicariously liable for another's mistakes 410 0$aLaw and practical reason ;$vvolume 8. 606 $aCivil law 606 $aPrivate law 606 $2Private / Civil law: general works 615 0$aCivil law. 615 0$aPrivate law. 676 $a346 700 $aVoyiakis$b Emmanuel$01830443 801 0$bUtOrBLW 801 1$bUtOrBLW 801 2$bUkLoBP 906 $aBOOK 912 $a9910964399103321 996 $aPrivate law and the value of choice$94400784 997 $aUNINA